| 000 | 00367nam a22001337a 4500 | ||
|---|---|---|---|
| 020 | _a0-07-058309-9 | ||
| 082 | _a621.38 SLU'E | ||
| 100 |
_aOSTERHELD, WILLIAM ,SLURZBERG, MORRIS _957515 |
||
| 245 | _aESSENTIALS OF COMMUNICATION ELECTRONICS | ||
| 260 |
_aTOKYO _bMCGRAW HILL _c1973 |
||
| 300 | _a791P | ||
| 650 |
_aELECTRONICS TELECOMMUNICATION _957516 |
||
| 942 | _cBK | ||
| 999 |
_c567794 _d567794 |
||